000
00284nam a2200121Ia 4500
008
260210s9999 xx 000 0 und d
020
_a
9781394173563
100
_a
MITTON.M
245
0
_a
INTERIOR DESIGN VISUAL PRESENTATION
260
_b
JOHN WILEY
260
_c
2024
942
_c
BDES
999
_c
14060
_d
14060